00582cam a22002171 4500001001300000003000400013005001700017008004100034010001700075025002000092035002000112040001800132042001200150050001800162100001900180245007000199260003200269300003100301500001500332999001700347he 68002348 DLC20260227111501.0940322s1965 is a 000 0 heb  ahe 68002348  a[PL480:Is-8344] a(OCoLC)29997961 aDLCcTxUdDLC apremarc00aPZ90.H3bK3361 aKashti, Ester.10aKokhav ohev yeladim,cme-et Ester Kashti. Tsiyurim: H. Hekhtkoff. a[Tel-Aviv]bMasadahc[1965] a15 p.bcol. illus.c24 cm. aVocalized. c33565d33565